000 01533cam a22004215a 4500
001 85285
003 SISC
005 20160318152122.0
008 950313s1994 enk bs 001 0 eng d
010 _a 95190732
015 _aGB95-22588
020 _a0304330949 (hard)
020 _a0304330957 (pbk.)
020 _a9231029738 (UNESCO)
035 _a(OCoLC)32239827
040 _aUk
_cUk
_dCSbC
_dDLC
042 _alccopycat
050 0 0 _aLB 2830
_b.C68 1994
082 0 0 _aHS 658.4
_bC79 1994
245 0 0 _aCoping with crisis :
_bausterity, adjustment, and human resources /
_cedited by Joel Samoff.
260 _aLondon :
_bUNESCO,
_cc1994.
300 _a 284 p. :
_c25 cm.
440 0 _aCassell education
_914258
650 0 _aEducation
_xFinance.
_914259
650 0 _aEducation
_xFinance
_vCase studies.
_914260
650 0 _aEducation and state.
_914261
650 0 _aEducation and state
_vCase studies.
_914262
650 0 _aVocational education
_xFinance.
_914263
650 0 _aVocational education
_xFinance
_vCase studies.
_914264
700 1 _aSamoff, Joel.
_914265
710 2 _aILO-UNESCO Task Force on Austerity, Adjustment, and Human Resources.
_914266
906 _a7
_bcbc
_ccopycat
_d2
_encip
_f19
_gy-gencatlg
942 _2lcc
_cBK
999 _c9594
_d9594